Central Library and Information Centre
Sibsagar Girls' College, Sivasagar : Assam

SELECTED POEMS:KEATS (Record no. 7807)

MARC details
000 -LEADER
fixed length control field 00453cam a2200193ua 4500
008 - FIXED-LENGTH DATA ELEMENTS--GENERAL INFORMATION
fixed length control field 060101n II |||gr||||Z||||||eng
040 ## - CATALOGING SOURCE
Original cataloging agency MAIN
041 ## - LANGUAGE CODE
-- English
082 ## - DEWEY DECIMAL CLASSIFICATION NUMBER
Classification number 821 GHO
100 ## - MAIN ENTRY--PERSONAL NAME
Personal name GHOSH, H.
245 ## - TITLE STATEMENT
Title SELECTED POEMS:KEATS
250 ## - EDITION STATEMENT
Edition statement REV.
260 ## - PUBLICATION, DISTRIBUTION, ETC.
Place of publication, distribution, etc. AGRA:
Name of publisher, distributor, etc. LAXMI NARAYAN AGARWAL EDUCATIONAL PUBLISHER.
300 ## - PHYSICAL DESCRIPTION
Extent 432:
Dimensions 22CM.
700 ## - ADDED ENTRY--PERSONAL NAME
Personal name KHANDELWAL, K.N.
942 ## - ADDED ENTRY ELEMENTS (KOHA)
Koha item type Books
653 ## - INDEX TERM--UNCONTROLLED
Uncontrolled term English poetry
Holdings
Withdrawn status Lost status Damaged status Not for loan Collection code Home library Current library Shelving location Date acquired Full call number Barcode Date last seen Copy number Price effective from Koha item type
        TBENG Central Library and Information Centre Sibsagar Girls College Central Library and Information Centre Sibsagar Girls College English Rack 23.06.1998 821 GHO 15155 27.02.2020 1 27.02.2020 Books
        TBENG Central Library and Information Centre Sibsagar Girls College Central Library and Information Centre Sibsagar Girls College English Rack 23.06.1998 821 GHO 15156 27.02.2020 2 27.02.2020 Books


Sibsagar Girl's College © 2020. All rights reserved.
Powered by Koha.
Maintained by Abhijit Borpuzari.